| 000 | 00379nam a2200157Ia 4500 | ||
|---|---|---|---|
| 003 | Ost | ||
| 005 | 20260225132540.0 | ||
| 008 | 260225s9999||||xx |||||||||||||| ||und|| | ||
| 040 | _cfsic | ||
| 041 | _afre | ||
| 082 | _a341.6 | ||
| 100 |
_aBlaise tchikaya _eAuteur |
||
| 245 | 0 | _aLe droit international des télécommunications / | |
| 245 | 0 | _cBlaise tchikaya | |
| 942 | _cكتاب | ||
| 999 |
_c33479 _d33479 |
||